| 000 | 00888nam a2200217 a 4500 | ||
|---|---|---|---|
| 008 | 081001s2008 ||||||||||||||||| || u | ||
| 020 | _a9780821374795 | ||
| 050 | _aIBRD(06)AHD/2008/4 | ||
| 100 | _aMulkeen, Aidan | ||
| 245 | 1 | 0 |
_aTeachers for rural schools: experiences in Lesotho, Malawi, Mozambique, Tanzania and Uganda _cEdited by Aidan Mulkeen and Dandan Chen |
| 260 |
_aWashington, D.C. _bWorld Bank _c2008 |
||
| 300 | _axiv, 119p.: ill | ||
| 350 | _a0.00 | ||
| 490 | _aAfrican human development | ||
| 650 | _aEDUCATION, RURAL--AFRICA, SUB-SAHARAN | ||
| 650 | _aTEACHERS--AFRICA, SUB-SAHARAN | ||
| 650 | _aRURAL SCHOOLS--AFRICA, SUB-SAHARAN | ||
| 700 | _aChen, Dandan | ||
| 710 | _aWorld Bank | ||
| 995 |
_D0.00 _FCBU-MAIN LIBRARY (Kitwe) _H1 _I0.00 _M1 _UAVAILABLE _WOct 2, 2008 _ZInternational Publications |
||
| 999 |
_c59457 _d59457 |
||